000 00440nam a2200157 4500
001 140645
003 ES-MaACL
005 20230906200124.0
007 t|
008 070214s1977 sp r ||||1| spa d
100 1 _aSeisdedos Cubero, N.
_9105271
245 1 3 _aEl error en PsicometrĂ­a /
_cNicolás Seisdedos Cubero.
260 _aMadrid :
_bMarova,
_c1977 (
_fHalar)
300 _a338 p. ;
_c24 cm.
852 _aES-MaACL
_jA-7069
_bR.95955
999 _c140645
_d140645